000 00310nam a2200133Ia 4500
100 _aBaphana/R.M./ Passi/M .
250 _a2
942 _cBK
654 _aEngineering Mechanics
245 _aEngineering Mechanics :Statics
260 _bTech Max
_aPune
_c2000
082 _a620.1
_bBAP/PAS
546 _aENGLISH
999 _c34910
_d34910